000 00487nam a2200169Ia 4500
003 OSt
005 20210902140946.0
008 190216s9999||||xx |||||||||||||| ||und||
040 _coclc
082 _a492.79
_bALZ/M
100 _aAl Ziyath, Ahamed Hasan
_98759
245 0 _aMulakhas Thareekil Adabil Arabiya /
_cAhamed Hasan Al Ziyath
260 _bAl Hind Book Stals,
300 _a120p
650 _aArabic
942 _cBK
_2ddc
_h492.79
_iALZ/M
_k492.79
_mALZ/M
999 _c795
_d795